000 00334nam a22001457a 4500
003 SGT
020 _a938426644-2
082 _a615.1
_bPAN
100 _aPANDEY, PRASHANT
245 _aPHARMACEUTICAL ENGINEERING
260 _aINDIA
_bBIRLA PUB.
_c2027
300 _a184
650 _aPHARMACEUTICAL ENGINEERING
942 _2ddc
_cBK
999 _c32987
_d32987